Harcourt science (Registro nro. 10450)

Detalles MARC
000 -LIDER
fixed length control field 00538nam a22002057a 4500
001 - NÚMERO DE CONTROL
Identificador de número de control 0007844
003 - IDENTIFICACDOR DE NÚMERO DE CONTROL
control field DO-SdBNP
005 - DATE AND TIME OF LATEST TRANSACTION
control field 20160620151504.0
007 - CAMPOS FIJOS DE DESCRIPCIÓN FÍSICA
fixed length control field 0007844
008 - ELEMENTOS DE LONGITUD FIJA
fixed length control field 160620b 2005 nyu xxu||||| |||| 00| 0 spa d
020 ## - ISBN
International Standard Book Number 0153244852
040 ## - FUENTE DE CATALOGACIÓN
Agencia que crea de manera original el registro BPMSU
Idioma de catalogación spa
Agencia que realiza la transcripción BPMSU
092 ## - LOCALLY ASSIGNED DEWEY DECIMAL CALL NUMBER
Número de clasificación xxxx
Número de ítem (Cutter) xxxx
245 00 - MENCIÓN DE TITULO
Título Harcourt science
260 ## - PUBLICACIÓN, DISTRIBUCIÓN, ETC. (PIE DE IMPRENTA)
Lugar de publicación, distribución, etc Orlando :
Nombre del editor, distribuidor, etc. Harcourt School Publishers,
Fecha de publicación, distribución, etc 2005.
300 ## - DESCRIPCIÓN FÍSICA
Extensión v.
Otros detalles físicos il ;
Dimensiones 28 cm.
505 ## - NOTA DE CONTENIDO
Título Take-home books --
942 ## - ADDED ENTRY ELEMENTS (KOHA)
Source of classification or shelving scheme Dewey Decimal Classification
Koha item type Libros
956 ## - LOCAL ELECTRONIC LOCATION AND ACCESS (OCLC)
Método de acceso LOPEREZ
Materiales especificados 10
Enlace 20160620
Campo enlazado y núm. de secuencia BPMSU
Nombre de host 00041
Existencias
Withdrawn status Lost status Source of classification or shelving scheme Damaged status Not for loan Collection code Home library Current library Date acquired Source of acquisition Total Checkouts Barcode Date last seen Price effective from Koha item type
    Dewey Decimal Classification       Biblioteca Pública Metropolitana Salomé Ureña Biblioteca Pública Metropolitana Salomé Ureña 06/20/2016 FUNDI   BPMSU16060258 06/20/2016 06/20/2016 Libros